000 00859nam a22002177a 4500
999 _c5056
_d5056
003 AR-CdUCM
008 190311b ||||| |||| 00| 0 spa d
040 _aMUNICIPALIDAD PROVINCIAL DEL CUSCO
_cBIBLIOTECA MUNICIPAL DEL CUSCO
082 _a987.041 /
_bAC185
100 _aAcosta Saignes, Miguel
_915435
245 _aAcción y utopía del hombre de las dificultades :
_bPremio extraordinario Bolivar en nuestra América /
260 _aLa Habana :
_bCasa de las Américas,
_c1977.
300 _a520 páginas ;
_bCuadros,
_c19 cm.
500 _aDonación familia Luis Nieto
505 _aContenido: El escenario -- La acción -- Expansión de la patria -- La utopía -- Dialéctica de las dificultades.
650 _aAmérica
_91348
650 _aCultura americana
_915436
650 _aEjercito libertador
_915437
942 _2ddc
_cLIBROS
945 _adavv